000 00403nam a2200109Ia 4500
008 160531s9999 xx 000 0 und d
100 _aMcCullagh, Peter.
245 _aTed Freeman and the Battle for the Injured Brain: A case history of professional prejudice
245 _cAuthor: McCullagh ,Peter
260 _c2013
856 _uhttp://press.anu.edu.au/publications/ted-freeman-and-battle-injured-brain
999 _c295425
_d295425